000 00466nam a2200169 i 4500
001 113784
003 ES-MaACL
005 20230906190014.0
007 t|
008 061121s1929 mx r ||||1| spa d
100 1 _aPadilla , Ezequiel.
_9217563
245 1 3 _aLa educación del pueblo
_b: discursos /
_cEzequiel Padilla.
260 _aMéxico :
_bHerrero,
_c1929.
300 _aXIX, 194 p. :
_bil. ;
_c23 cm.
852 _aES-MaACL
_jA-1106
999 _c113784
_d113784